[Event "Rottach Egern Seniors Cup 11th"]
[Site "Rottach Egern"]
[Date "2023.04.17"]
[Round "3"]
[White "Krueger, Antje Christine"]
[Black "Lehmann, Edwin"]
[Result "0-1"]
[WhiteElo "1518"]
[BlackElo "1884"]
[PlyCount "20"]
[EventDate "2023.04.15"]
[EventType "swiss"]
[EventRounds "9"]
[EventCountry "GER"]
[SourceTitle "EXT 2024"]
[Source "ChessBase"]
[SourceDate "2023.10.10"]
[SourceVersion "1"]
[SourceVersionDate "2023.10.10"]
[SourceQuality "1"]

1. e4 d5 2. exd5 Qxd5 3. Nc3 Qa5 4. Bc4 Nf6 5. d3 Bg4 6. Nf3 e6 7. Bd2 Qh5 8. Qe2 Nc6 9. 0-0-0 Nd4 10. h3 Nxe2+ 0-1

[Event "Rottach Egern Seniors Cup 11th"]
[Site "Rottach Egern"]
[Date "2023.04.16"]
[Round "2"]
[White "Lehmann, Edwin"]
[Black "Bub, Volker"]
[Result "0-1"]
[WhiteElo "1884"]
[BlackElo "2043"]
[PlyCount "102"]
[EventDate "2023.04.15"]
[EventType "swiss"]
[EventRounds "9"]
[EventCountry "GER"]
[SourceTitle "EXT 2024"]
[Source "ChessBase"]
[SourceDate "2023.10.10"]
[SourceVersion "1"]
[SourceVersionDate "2023.10.10"]
[SourceQuality "1"]

1. f4 g6 2. e4 d5 3. exd5 Nf6 4. Nc3 Nxd5 5. d4 Nxc3 6. bxc3 Bg7 7. Be3 0-0 8. Nf3 Nd7 9. Bd3 Nf6 10. Qd2 Qd5 11. c4 Qh5 12. 0-0 Bf5 13. Ne5 Bxd3 14. cxd3 e6 15. Rab1 b6 16. Rf3 Ng4 17. Nxg4 Qxg4 18. Rb5 Qh4 19. Rg5 Bf6 20. Rgg3 Rad8 21. Qf2 Qh5 22. Rh3 Qf5 23. Qe2 Bxd4 24. Bxd4 Rxd4 25. Qe5 Qxe5 26. fxe5 Kg7 27. Kf2 Rfd8 28. Ke2 b5 29. cxb5 R8d5 30. Re3 Rxb5 31. Kd1 Rdd5 32. Rh4 Ra5 33. a4 Rxe5 34. Rxe5 Rxe5 35. Rc4 c5 36. Kd2 f5 37. Rc2 Rd5 38. Rb2 c4 39. Rb7+ Kf6 40. Rxa7 Rxd3+ 41. Kc2 Ra3 42. a5 h5 43. a6 e5 44. Ra8 Kg5 45. a7 e4 46. Kb2 Ra4 47. Kc3 e3 48. g3 Kg4 49. Kd4 e2 50. Re8 Kf3 51. a8Q+ Rxa8 0-1

[Event "Rottach Egern Seniors Cup 11th"]
[Site "Rottach Egern"]
[Date "2023.04.15"]
[Round "1"]
[White "Kalbitz, Erika"]
[Black "Lehmann, Edwin"]
[Result "0-1"]
[WhiteElo "1227"]
[BlackElo "1884"]
[PlyCount "58"]
[EventDate "2023.04.15"]
[EventType "swiss"]
[EventRounds "9"]
[EventCountry "GER"]
[SourceTitle "EXT 2024"]
[Source "ChessBase"]
[SourceDate "2023.10.10"]
[SourceVersion "1"]
[SourceVersionDate "2023.10.10"]
[SourceQuality "1"]

1. d4 f5 2. c4 Nf6 3. Nc3 d6 4. Nf3 g6 5. e3 Bg7 6. Bd3 0-0 7. 0-0 c6 8. Qb3 Qc7 9. Rd1 Kh8 10. Bd2 e5 11. dxe5 dxe5 12. Be2 Nbd7 13. Qc2 Nc5 14. b4 Nce4 15. Nxe4 Nxe4 16. Rac1 Be6 17. b5 c5 18. a4 b6 19. Bc3 Nxc3 20. Rd2 Nxe2+ 21. Rxe2 Rad8 22. e4 f4 23. Ng5 Qe7 24. Nf3 g5 25. Qc3 Bf7 26. h3 Rd6 27. a5 Rfd8 28. Ne1 Rd4 29. f3 Rxc4 0-1

[Event "Bad Woerishofen op 36th"]
[Site "Bad Woerishofen"]
[Date "2020.03.13"]
[Round "8"]
[White "Schleich, Theodor"]
[Black "Lehmann, Edwin"]
[Result "1-0"]
[WhiteElo "1963"]
[BlackElo "1949"]
[PlyCount "61"]
[EventDate "2020.03.06"]
[EventType "swiss"]
[EventRounds "9"]
[EventCountry "GER"]
[SourceTitle "CBM 195 Extra"]
[Source "ChessBase"]
[SourceDate "2020.05.31"]
[SourceVersion "1"]
[SourceVersionDate "2020.05.31"]
[SourceQuality "1"]

1. d4 f5 2. Bg5 g6 3. Nc3 d5 4. e3 Bg7 5. h4 h6 6. Bf4 c6 7. Qf3 Be6 8. Qg3 Bf7 9. Nh3 Nd7 10. Bd3 e6 11. f3 Ngf6 12. Qf2 Nh5 13. Bh2 Bf6 14. 0-0-0 Bxh4 15. g3 Be7 16. e4 Bb4 17. exf5 gxf5 18. g4 Ng7 19. Rdg1 fxg4 20. fxg4 Bxc3 21. bxc3 Qe7 22. Rf1 Nf8 23. Be5 Bg6 24. Bf6 Qf7 25. Qg3 Bxd3 26. cxd3 Qd7 27. Bd8 Nf5 28. gxf5 Kxd8 29. fxe6 Qe7 30. Rf7 Qa3+ 31. Kb1 1-0

[Event "Bad Woerishofen op 29th"]
[Site "Bad Woerishofen"]
[Date "2013.03.07"]
[Round "7"]
[White "Lehmann, Edwin"]
[Black "Dobierzin, Olaf"]
[Result "0-1"]
[WhiteElo "1940"]
[BlackElo "2056"]
[PlyCount "34"]
[EventDate "2013.03.01"]
[EventType "swiss"]
[EventRounds "9"]
[EventCountry "GER"]
[SourceTitle "CBM 153 Extra"]
[Source "ChessBase"]
[SourceDate "2013.04.22"]
[SourceVersion "1"]
[SourceVersionDate "2013.04.22"]
[SourceQuality "1"]

1. f4 d5 2. Nf3 g6 3. e3 Bg7 4. Be2 c5 5. 0-0 Nc6 6. d3 Nf6 7. c3 0-0 8. Ne5 Nxe5 9. fxe5 Ne8 10. d4 Nc7 11. Nd2 Ne6 12. b4 cxb4 13. cxb4 Qb6 14. Qb3 Nxd4 15. exd4 Qxd4+ 16. Kh1 Qxe5 17. Rb1 Qxe2 0-1

[Event "Bad Woerishofen op 29th"]
[Site "Bad Woerishofen"]
[Date "2013.03.05"]
[Round "5"]
[White "Lehmann, Edwin"]
[Black "Lang, Ludwig"]
[Result "1-0"]
[WhiteElo "1940"]
[BlackElo "1413"]
[PlyCount "71"]
[EventDate "2013.03.01"]
[EventType "swiss"]
[EventRounds "9"]
[EventCountry "GER"]
[SourceTitle "CBM 153 Extra"]
[Source "ChessBase"]
[SourceDate "2013.04.22"]
[SourceVersion "1"]
[SourceVersionDate "2013.04.22"]
[SourceQuality "1"]

1. f4 d5 2. Nf3 c5 3. e3 Bd7 4. b3 e6 5. Bb2 Nf6 6. Be2 Be7 7. 0-0 0-0 8. Ne5 Be8 9. d3 d4 10. e4 Nc6 11. Nxc6 Bxc6 12. a4 a5 13. Na3 b6 14. Qe1 Nd7 15. Nc4 Bh4 16. g3 Be7 17. Bf3 f5 18. exf5 Bxf3 19. Qxe6+ Kh8 20. Rxf3 Rf6 21. Qe4 Qe8 22. Re1 Rf7 23. Nd6 Nf6 24. Nxf7+ Kg8 25. Nh6+ gxh6 26. Qxe7 Qxe7 27. Rxe7 Nd5 28. Re5 Nf6 29. Bc1 Kf7 30. h3 Rd8 31. g4 Nd5 32. Bd2 Nf6 33. Re6 Rg8 34. Rxb6 Nd7 35. Rxh6 Nf8 36. Rc6 1-0